La innovación metafísica de Ortega (Record no. 131632)

MARC details
000 -LEADER
campo de control de longitud fija 00806nam a2200217 4500
001 - NÚMERO DE CONTROL
campo de control 131632
003 - IDENTIFICADOR DE NÚMERO DE CONTROL
campo de control ES-MaACL
005 - FECHA Y HORA DE LA ÚLTIMA TRANSACCIÓN
campo de control 20250828103150.0
007 - CAMPO FIJO DE DESCRIPCIÓN FÍSICA--INFORMACIÓN GENERAL
campo de control de longitud fija t|
008 - DATOS DE LONGITUD FIJA--INFORMACIÓN GENERAL
campo de control de longitud fija 070214s1982 sp r ||||1| spa d
100 1# - ENTRADA PRINCIPAL--NOMBRE DE PERSONA
Nombre de persona Rodríguez Huéscar, Antonio.
9 (RLIN) 98579
245 13 - MENCIÓN DEL TÍTULO
Título La innovación metafísica de Ortega
Resto del título : crítica y superación del idealismo /
Mención de responsabilidad, etc. Antonio Rodríguez Huescar ; prólogo de Julián Marías.
260 ## - PUBLICACIÓN, DISTRIBUCIÓN, ETC.
Lugar de publicación, distribución, etc. Madrid :
Nombre del editor, distribuidor, etc. Dirección General de Enseñanzas Medias,
Fecha de publicación, distribución, etc. 1982.
300 ## - DESCRIPCIÓN FÍSICA
Extensión 174 p. ;
Dimensiones 18 cm.
490 1# - MENCIÓN DE SERIE
Mención de serie Breviarios de Educación
700 1# - ENTRADA AGREGADA--NOMBRE PERSONAL
Nombre de persona Marías, Julián,
Fechas asociadas al nombre 1914-2005
9 (RLIN) 76688
710 2# - ENTRADA AGREGADA--NOMBRE DE ENTIDAD CORPORATIVA
Nombre de entidad corporativa o nombre de jurisdicción como elemento de entrada España.
Unidad subordinada Dirección General de Enseñanzas Medias.
9 (RLIN) 3733
830 00 - PUNTO DE ACCESO ADICIONAL DE SERIE-TÍTULO UNIFORME
Título uniforme Breviarios de educación
9 (RLIN) 219594
852 ## - LOCALIZACIÓN
Ubicación ES-MaACL
Número de control de estantería L-4033
Sublocalización o colección R.104966
Holdings
Estatus retirado Estado de pérdida Estado de daño No para préstamo Biblioteca de origen Biblioteca actual Ubicación en estantería Fecha de adquisición Fuente de adquisición Total de préstamos Signatura topográfica completa Código de barras Visto por última vez Precio de reemplazo Tipo de ítem Koha
        Biblioteca del Ateneo de Madrid Biblioteca del Ateneo de Madrid Depósito 2 17/01/2008     L-4033 1137034 23/02/2023 23/02/2023 Libro impreso